| 000 | 00513 a2200205 4500 | ||
|---|---|---|---|
| 001 | 200044581 | ||
| 003 | TR-AnTOB | ||
| 005 | 20241219103826.0 | ||
| 008 | 160826d tu wn0n 0 1 | ||
| 040 |
_aTR-AnTOB _cTR-AnTOB |
||
| 041 | _aeng | ||
| 099 | _aNEWSPAPER | ||
| 245 | 0 | 4 | _aThe New York times |
| 246 | 1 | 3 | _aNew York, Sunday |
| 264 | 1 |
_aNew York : _bRaymond, Jones & Co., _c1851- |
|
| 300 |
_av. _bill. ; _c59 cm. |
||
| 650 | 0 |
_aAmerican newspapers _vPeriodicals _981718 |
|
| 942 |
_cG _2lcc |
||
| 999 |
_c200044581 _d41469 |
||